श्री समर्थ चरित्र आक्षेप आणि खंडन. (Record no. 791368)

MARC details
000 -LEADER
fixed length control field 00817nam a2200181Ia 4500
008 - FIXED-LENGTH DATA ELEMENTS--GENERAL INFORMATION
fixed length control field 100921s9999 xx 000 0 und d
082 ## - DEWEY DECIMAL CLASSIFICATION NUMBER
Item number 42255
Classification number 920-2 न 00
100 ## - MAIN ENTRY--PERSONAL NAME
Personal name चिंचोळकर सुनील.
245 ## - TITLE STATEMENT
Title श्री समर्थ चरित्र आक्षेप आणि खंडन.
260 ## - PUBLICATION, DISTRIBUTION, ETC. (IMPRINT)
Name of publisher, distributor, etc मोरया प्रकाशन, मुंबई.
Date of publication, distribution, etc 2000
300 ## - PHYSICAL DESCRIPTION
Extent 80
Other physical details ---
365 ## - TRADE PRICE
Price amount 25
520 ## - SUMMARY, ETC.
Summary, etc चरित्र व कार्य-सावरकर.
630 ## - SUBJECT ADDED ENTRY--UNIFORM TITLE
Uniform title श्री समर्थ चरित्र आक्षेप आणि खंडन.
650 ## - SUBJECT ADDED ENTRY--TOPICAL TERM
Topical term or geographic name as entry element चरित्र व कार्य-सावरकर.
730 ## - ADDED ENTRY--UNIFORM TITLE
Uniform title श्री समर्थ चरित्र आक्षेप आणि खंडन.
942 ## - ADDED ENTRY ELEMENTS (KOHA)
Koha item type Book
Holdings
Withdrawn status Lost status Damaged status Not for loan Home library Current library Shelving location Date acquired Cost, normal purchase price Total Checkouts Barcode Date last seen Price effective from Koha item type Public note
        Lo. Tilak Granthasangrahalaya, Wai Lo. Tilak Granthasangrahalaya, Wai     25.00   WAITILAKGS-42255 09/21/2010 09/21/2010 Book देवघेव